000
00336nam a2200145Ia 4500
008
150201s2011 xx 000 0 und d
082
_a
603
_b
O11B
100
_a
BUTTERFIELD
245
_a
OXFORD A-Z OF ENGLISH USAGE
250
_a
10TH
260
_b
OXFORD
_a
DELHI
_c
2011
300
_a
1-171
650
_a
DICTIONARIES
942
_2
ddc
_c
BK
999
_c
1317
_d
1317